MARC

LEADER 00000nam0a2200000 4500
001 361628
005 20231102011416.0
035 |a (RuTPU)RU\TPU\retro\18960 
090 |a 361628 
100 |a 20210625d1959 km y0rusy50 ca 
101 0 |a rus 
102 |a RU 
105 |a a z 001zy 
200 1 |a Электрослесарь по ремонту и монтажу промышленного электрооборудования  |f Н. В. Виноградов 
205 |a 4-е изд., перераб. и доп. 
210 |a Москва  |c Трудрезервиздат  |d 1959 
215 |a 308 с.  |c ил. 
320 |a Библиогр.: с. 305 
606 1 |a Электромонтажное дело  |2 stltpush  |3 (RuTPU)RU\TPU\subj\20279  |9 45389 
610 1 |a промышленное оборудование 
610 1 |a электромонтажные работы 
610 1 |a ремонт 
610 1 |a монтаж 
610 1 |a трансформаторы 
610 1 |a машины переменного тока 
610 1 |a машины постоянного тока 
610 1 |a электрическая аппаратура 
610 1 |a техника безопасности 
610 1 |a обмотки электрических машин 
675 |a 621.31.002.72  |v 4 
700 1 |a Виноградов  |b Н. В.  |g Николай Владимирович 
801 1 |a RU  |b 63413507  |c 20210625 
801 2 |a RU  |b 63413507  |c 20210625  |g RCR 
942 |c BK